Психодиагностика: учебное пособие

Bibliografske podrobnosti
Glavni avtor: Романова Е. С. Евгения Сергеевна
Izvleček:В учебном пособии даются системный теоретико-методологический анализ и методическая интерпретация основных проблем психодиагностики. Книга отличается тем, что в ней не только представлены материалы, отражающие требования Государственного стандарта к содержанию учебной дисциплины «Психодиагностика», но и определены функции и задачи практикующего психолога в структуре психологической службы, сформулированы требования к основным компетенциям, которыми должен обладать специалист-психолог. Издание предназначено для студентов психологических факультетов университетов и институтов, слушателей факультетов и курсов повышения квалификации. Оно может быть также полезно преподавателям психологии и всем, кто интересуется проблемами современной психодиагностики.
Jezik:ruščina
Izdano: СПб., Питер, 2009
Izdaja:2-е изд.
Serija:Учебное пособие
Teme:
Format: Knjiga
KOHA link:https://koha.lib.tpu.ru/cgi-bin/koha/opac-detail.pl?biblionumber=157912

MARC

LEADER 00000nam0a2200000 4500
001 157912
005 20250717155123.0
010 |a 9785388003058  |b (в пер.)  |b 4000 экз. 
035 |a (RuTPU)RU\TPU\book\171284 
090 |a 157912 
100 |a 20081210d2009 m y0rusy5002 ca 
101 0 |a rus 
102 |a RU 
105 |a y j 001zy 
200 1 |a Психодиагностика  |e учебное пособие  |f Е. С. Романова 
205 |a 2-е изд. 
210 |a СПб.  |c Питер  |d 2009 
215 |a 400 с.  |d 21 см. 
225 1 |a Учебное пособие 
320 |a Библиогр.: с. 247-265. 
330 |a В учебном пособии даются системный теоретико-методологический анализ и методическая интерпретация основных проблем психодиагностики. Книга отличается тем, что в ней не только представлены материалы, отражающие требования Государственного стандарта к содержанию учебной дисциплины «Психодиагностика», но и определены функции и задачи практикующего психолога в структуре психологической службы, сформулированы требования к основным компетенциям, которыми должен обладать специалист-психолог. Издание предназначено для студентов психологических факультетов университетов и институтов, слушателей факультетов и курсов повышения квалификации. Оно может быть также полезно преподавателям психологии и всем, кто интересуется проблемами современной психодиагностики. 
606 1 |a Практическая психология  |2 stltpush  |3 (RuTPU)RU\TPU\subj\51095  |9 69704 
610 1 |a психодиагностика 
610 1 |a методология 
610 1 |a психологи 
610 1 |a технологии 
610 1 |a психологическая практика 
610 1 |a практикумы 
610 1 |a проективные методики 
610 1 |a диагностика 
610 1 |a личность 
610 1 |a модели 
610 1 |a валидность 
610 1 |a учебные пособия 
686 |a Ю949.2я73  |2 rubbk 
700 1 |a Романова  |b Е. С.  |g Евгения Сергеевна  |4 070 
801 1 |a RU  |b 63413507  |c 20090415  |g PSBO 
801 2 |a RU  |b 63413507  |c 20150618  |g PSBO 
850 |a 63413507 
942 |c BK